Из истории отечественного оружия. Русская винтовка

التفاصيل البيبلوغرافية
المؤلف الرئيسي: Мавродин В. В. Владимир Васильевич
مؤلف مشترك: Ленинградский государственный университет им. А. А. Жданова
مؤلفون آخرون: Мавродин В. В. Валентин Владимирович
اللغة:الروسية
منشور في: Ленинград, Изд-во ЛГУ, 1984
الطبعة:2-е изд., доп.
الموضوعات:
التنسيق: كتاب
KOHA link:https://koha.lib.tpu.ru/cgi-bin/koha/opac-detail.pl?biblionumber=98108

MARC

LEADER 00000nam0a2200000 4500
001 98108
005 20231031111227.0
020 |a RU  |b 84-16882 
035 |a (RuTPU)RU\TPU\book\105151 
090 |a 98108 
100 |a 20060613d1984 m y0rusy5003 ca 
101 0 |a rus 
102 |a RU 
105 |a a z 000zy 
200 1 |a Из истории отечественного оружия. Русская винтовка  |f В. В. Мавродин, В. В. Мавродин  |g Ленинградский государственный университет им. А. А. Жданова 
205 |a 2-е изд., доп. 
210 |a Ленинград  |c Изд-во ЛГУ  |d 1984 
215 |a 168 с.  |c ил. 
610 1 |a стрелковое оружие 
610 1 |a история 
610 1 |a 17 век 
610 1 |a 18 век 
610 1 |a 19 век 
610 1 |a 20 век 
610 1 |a русская винтовка 
610 1 |a производство 
686 |a Ц9Г  |2 rubbk 
700 1 |a Мавродин  |b В. В.  |g Владимир Васильевич 
701 1 |a Мавродин  |b В. В.  |g Валентин Владимирович 
712 0 2 |a Ленинградский государственный университет им. А. А. Жданова  |2 stltpush  |3 (RuTPU)RU\TPU\col\77 
801 0 |a RU  |b RuMRKP  |c 19950704  |g psbo 
801 1 |a RU  |b 63413507  |c 20060613  |g PSBO 
801 2 |a RU  |b 63413507  |c 20070425  |g PSBO 
942 |c BK